[Event "7th Washington Open 2018"]
[Site "Rockville"]
[Date "2018.08.13"]
[Round "5.5"]
[White "Azarov, Sergei Nikolaevich"]
[Black "Brodsky, David"]
[Result "1/2-1/2"]
[WhiteElo "2574"]
[BlackElo "2402"]
[Annotator "TA"]
[PlyCount "99"]
[EventDate "2018.08.11"]
[EventType "swiss"]
[EventCountry "USA"]
[SourceTitle "playchess.com"]
[Source "ChessBase"]
[SourceQuality "1"]

{[%evp 18,99,14,0,9,-21,-22,-25,0,0,0,0,8,15,10,0,0,0,0,-9,-7,-9,-9,-9,-9,-8,0,-7,0,-15,0,0,0,0,0,0,38,38,41,38,41,38,60,45,45,45,45,46,72,75,130,0,0,0,0,0,0,0,0,0,0,0,0,0,0,0,0,0,0,0,0,0,0,0,0,0,0,0,0,0,0,0,0,0]} 1. e4 {[%cal Be2e4,Be4e5][%mdl 32]} e6 2. d4 d5 3. Nd2 Be7 4. e5 c5 5. c3 cxd4 6. cxd4 {C03: French Tarrasch: Unusual Black 3rd moves} Qb6 7. Ndf3 Bb4+ 8. Bd2 Nc6 9. Bxb4 Qxb4+ 10. Qd2 {LiveBook: 6 Games} f6 11. Qxb4 $146 ({Predecessor:} 11. Rc1 Qxd2+ 12. Kxd2 Bd7 {1-0 (37) Kovalev,V (2648)-Christiansen,J (2498) Dubai 2018}) 11... Nxb4 12. Kd2 Nh6 13. a3 Nc6 14. Bb5 Bd7 15. Bxc6 Bxc6 16. Ne2 Ng4 17. Rhf1 Bb5 18. h3 Nh6 19. Rfc1 Bxe2 20. Kxe2 Kd7 21. a4 Nf7 22. Rc3 Rhc8 23. Kd3 Rxc3+ 24. bxc3 $11 {[%mdl 4096] Endgame KRN-KRN} Rc8 25. Rb1 b6 26. a5 Kc6 27. axb6 axb6 28. Ra1 Kb7 29. Re1 f5 30. h4 Ra8 31. Ng5 Nxg5 32. hxg5 $14 {KR-KR} Rh8 33. Rh1 h5 (33... Kc7 $142) 34. Kc2 ({White must play} 34. gxh6 $1 $16 Rxh6 35. Rxh6 gxh6 36. Ke3) 34... g6 $11 {The position is equal.} 35. g3 Rf8 36. Rh4 Kc6 37. Kb3 Kb5 38. f3 Rf7 39. f4 Rc7 40. Rh1 {Strongly threatening Ra1.} Ka6 41. Ra1+ Kb7 $1 42. Ra2 Rc4 43. Ra3 (43. Rh2 {looks sharper.} Rc8 44. Ra2 Rc7 45. Ra1 Rc8 46. Rh1) 43... Kb8 $1 44. Ra4 Rxa4 45. Kxa4 {KP-KP} Kc7 46. Kb4 Kc6 47. Ka4 Kc7 48. Kb4 Kc6 49. Ka4 Kb7 50. Kb5 {Precision: White = 77%, Black = 65%.} 1/2-1/2

[Event "7th Washington Open 2018"]
[Site "Rockville"]
[Date "2018.08.13"]
[Round "5.6"]
[White "Panchanathan, Magesh Chandran"]
[Black "Gonzalez Vidal, Yuri"]
[Result "1/2-1/2"]
[WhiteElo "2486"]
[BlackElo "2559"]
[Annotator "TA"]
[PlyCount "58"]
[EventDate "2018.08.11"]
[EventType "swiss"]
[EventCountry "USA"]
[SourceTitle "playchess.com"]
[Source "ChessBase"]
[SourceQuality "1"]

{[%evp 33,58,18,22,17,30,30,20,0,0,0,0,-15,0,-29,-15,-25,-11,-31,0,0,0,-12,-15,-33,-51,-57,-62]} 1. e4 e5 2. Nf3 Nc6 3. Bb5 a6 4. Ba4 Nf6 5. O-O Be7 6. Re1 b5 7. Bb3 d6 8. c3 O-O 9. h3 Nb8 10. d4 Nbd7 11. Nbd2 Bb7 12. Bc2 Re8 13. Nf1 Bf8 14. Bg5 h6 15. Bh4 Qc8 {C95: Closed Ruy Lopez: Breyer Variation with 10 d4} 16. dxe5 dxe5 17. N3d2 a5 {LiveBook: 4 Games. The position is equal.} 18. a4 b4 19. Ne3 Ra6 20. Qf3 bxc3 21. bxc3 Nc5 22. Rad1 {[%cal Ba1d1,Bd1b1,Bb1b5][%mdl 32]} Qa8 23. Nf5 {[#] Hoping for Nxh6+!} Ree6 $146 24. Qe3 Qe8 25. Nc4 Ra8 {With the idea ...Bxe4.} 26. Qf3 Raa6 27. Rb1 g6 {Black wants to play ...Bxe4.} 28. Rb5 Bxe4 $1 ({Reject} 28... gxf5 $6 29. Qg3+ Bg7 30. exf5 $16) 29. Bxe4 Nfxe4 {Precision: White = 46%, Black = 77%.} 1/2-1/2

[Event "7th Washington Open 2018"]
[Site "Rockville"]
[Date "2018.08.13"]
[Round "5.7"]
[White "Peng, David"]
[Black "Macieja, Bartlomiej"]
[Result "0-1"]
[WhiteElo "2346"]
[BlackElo "2528"]
[Annotator "TA"]
[PlyCount "48"]
[EventDate "2018.08.11"]
[EventType "swiss"]
[EventCountry "USA"]
[SourceTitle "playchess.com"]
[Source "ChessBase"]
[SourceQuality "1"]

{[%evp 21,48,0,0,0,2,-20,-12,-27,-16,-25,-23,-60,-49,-64,-20,-169,-174,-255,-218,-336,-342,-333,-314,-399,-382,-395,-388,-539,-448]} 1. e4 c5 2. Nf3 d6 3. d4 cxd4 4. Nxd4 Nf6 5. Nc3 g6 6. g3 Nc6 7. Nde2 b6 8. Bg2 Ba6 9. O-O Bg7 10. Re1 {B70: Sicilian Dragon: 6 g3 and 6 Be2 (without a later Be3)} O-O (10... Rc8 11. Nd5 Nd7 12. Rb1 O-O 13. Be3 e6 14. Ndf4 Nf6 15. c3 Ne5 16. f3 Bb7 17. Nd3 Ned7 {0-1 (66) Efimenko,Z (2644)-Grandelius,N (2573) Doha 2014}) 11. a4 Rc8 {LiveBook: 8 Games} 12. Nb5 {The position is equal.} Bb7 13. h3 a6 $146 ({Predecessor:} 13... Nd7 14. c3 Nc5 15. Ned4 a6 16. Nxc6 Rxc6 17. Nd4 Rc7 {1-0 (49) Koch,J (2490)-Desbonnes,S (2220) France 1998}) 14. Nbc3 e6 15. Be3 Qc7 16. f4 Rfd8 17. Qc1 h5 18. f5 (18. Rd1 $11 {and White has nothing to worry.}) 18... exf5 $19 19. Bg5 (19. exf5 {was necessary.} Ne5 20. Nd4) 19... Ne7 {[%cal Rf6e4]} 20. exf5 (20. Qe3 $142) 20... Bxg2 ({And not} 20... gxf5 21. Bxb7 Qxb7 22. Bxf6 $11) (20... Nxf5 21. Qf4 $19) 21. Kxg2 Qc6+ ({Much less strong is} 21... Nxf5 22. Qf4 $19) ({Weaker is} 21... gxf5 22. Bh6 $11) 22. Kh2 {Threatening fxg6.} Nxf5 23. Qf4 Re8 24. Rf1 Ne4 {Precision: White = 18%, Black = 88%.} 0-1

[Event "7th Washington Open 2018"]
[Site "Rockville"]
[Date "2018.08.13"]
[Round "5.8"]
[White "Balakrishnan, Praveen"]
[Black "Dragun, Kamil"]
[Result "0-1"]
[WhiteElo "2417"]
[BlackElo "2594"]
[Annotator "TA"]
[PlyCount "64"]
[EventDate "2018.08.11"]
[EventType "swiss"]
[EventCountry "USA"]
[SourceTitle "playchess.com"]
[Source "ChessBase"]
[SourceQuality "1"]

{[%evp 20,64,0,0,0,0,0,-7,-9,-60,-61,-89,-97,-97,-91,-89,-89,-89,-89,-171,-171,-83,-171,-171,-169,-209,-171,-249,-233,-318,-315,-533,-533,-533,-533,-744,-739,-756,-735,-2842,-2753,-5506,-5506,-5506,-5506,-5506,-5506]} 1. e4 e5 2. Nf3 Nc6 3. d4 exd4 4. Nxd4 Qf6 5. Nxc6 Bc5 6. Qf3 dxc6 7. Nc3 {C45: Scotch Game} Be6 8. Qg3 O-O-O 9. Be3 Bxe3 10. Qxe3 Kb8 11. Bd3 {LiveBook: 3 Games} (11. f4 Qe7 12. Bd3 Nh6 13. O-O-O f6 14. g3 Nf7 {½-½ (29) Nepomniachtchi,I (2766)-Carlsen,M (2851) Leuven 2017}) 11... g5 12. O-O-O Ne7 13. h4 $146 ({Predecessor:} 13. e5 Qg7 14. Rhe1 h6 {½-½ (44) Glazman,M (2552)-Sadowski,M (2510) ICCF email 2010}) 13... gxh4 14. e5 ({White should try} 14. Rdf1 $11) 14... Qg7 $15 15. Rxh4 {[#]} Rxd3 $1 16. Rxd3 {And now Rh2 would win.} Nf5 17. Qf4 {Black must now prevent Rh5.} Nxh4 18. Qxh4 Qxg2 19. Rd8+ (19. Ne4 $17) 19... Rxd8 $19 20. Qxd8+ Bc8 21. Qh4 Qg6 22. Ne4 b6 23. Nf6 (23. Ng3 {was necessary.}) 23... Bf5 24. Qd4 Kb7 ({Don't do} 24... Bxc2 25. b3 $19) 25. Qd1 $2 (25. a4) 25... Qg5+ {Black is clearly winning.} 26. Kb1 {[#]} h5 $1 {[%cal Bh7h5,Bh5h4,Bh4h3][%mdl 544]} 27. a4 (27. Qxh5 Qg1+) 27... h4 28. a5 h3 {aiming for ...h2.} 29. Nh5 Bg4 30. a6+ Kc8 31. Qh1 Qxh5 32. Qxc6 Qxe5 {Precision: White = 29%, Black = 100%.} 0-1

[Event "7th Washington Open 2018"]
[Site "Rockville"]
[Date "2018.08.13"]
[Round "6.1"]
[White "Postny, Evgeny"]
[Black "Gabuzyan, Hovhannes"]
[Result "0-1"]
[WhiteElo "2586"]
[BlackElo "2556"]
[Annotator "TA"]
[PlyCount "94"]
[EventDate "2018.08.11"]
[EventType "swiss"]
[EventCountry "USA"]
[SourceTitle "playchess.com"]
[Source "ChessBase"]
[SourceQuality "1"]

{[%evp 15,94,35,54,30,34,29,27,22,26,26,21,20,47,19,80,22,113,24,33,43,36,0,0,0,0,0,0,0,31,30,54,38,40,49,85,0,0,6,66,52,77,0,0,-8,-3,-8,0,0,0,-95,-95,-86,-12,-258,-253,-311,-307,-341,-329,-800,-256,-279,-252,-269,-269,-412,-379,-508,-503,-491,-494,-459,-419,-781,-796,-685,-700,-1135,-1138,-940,-791]} 1. d4 Nf6 2. c4 e6 3. Nf3 b6 4. g3 Bb7 5. Bg2 g6 6. O-O Bg7 {E16: Queen's Indian: 4 g3 Bb7 5 Bg2 Bb4+} 7. Qc2 (7. Nc3 O-O 8. d5 exd5 9. cxd5 Re8 10. Nd4 c5 11. Ndb5 d6 12. Bf4 Bf8 13. a4 a6 14. Na3 Nh5 15. Bd2 Nd7 {1-0 (47) Ponomariov,R (2686)-Hou,Y (2658) Shenzhen 2018}) 7... Be4 8. Qb3 Nc6 {LiveBook: 3 Games. White is slightly better.} 9. Qd1 $146 ({Predecessor:} 9. Nbd2 Na5 10. Qc3 Bb7 11. b4 Nc6 12. e4 O-O 13. Bb2 Ne7 14. Rfe1 {1-0 (42) Brodsky,M (2563)-Tarlev,K (2544) Tyumen 2012}) 9... Ne7 10. Nc3 Bb7 11. Qc2 d5 12. Ne5 O-O 13. Rd1 Qc8 14. Bg5 Rd8 (14... c5 $11) 15. e4 (15. Qd2 $16 {And now Qf4 would win.} Rf8 16. Rac1) 15... dxc4 (15... dxe4 $1 $11 16. Nxe4 Nxe4 17. Bxe7 Re8) 16. Nxc4 (16. Qc1 $1 $16 {[%cal Rc1f4] Black must now prevent Qf4.} h6 17. Bxh6) 16... h6 $11 17. Bf4 g5 18. Bc1 c5 19. e5 $36 {[%mdl 2048] White fights for an advantage.} Ne8 {aiming for ...Bxg2.} 20. Bxb7 Qxb7 21. dxc5 Rxd1+ 22. Qxd1 bxc5 23. Qe2 Nc6 24. f4 Rd8 25. Be3 (25. fxg5 $16 h5 26. Be3) 25... Nd4 26. Bxd4 Rxd4 ({Black should try} 26... cxd4 $11 27. Qd3 f5) 27. fxg5 $1 $14 hxg5 28. b3 (28. Rf1 $16) 28... Nd6 $1 $11 {[%cal Rd6c4] next ...Nxc4 is good for Black.} 29. Nxd6 Rxd6 30. Re1 Rd4 31. Ne4 Rd5 32. Nf6+ ({Avoid the trap} 32. Nxg5 $2 Rxe5 33. Qxe5 (33. Ne4 $2 f5 $19) 33... Bxe5 $19) (32. Qf3 $11) 32... Bxf6 $1 $17 33. exf6 {[%mdl 4096] Endgame Qh5 would now be nice for White. KQR-KQR} Qb4 (33... Qb6 $1 $17) 34. Rf1 $2 (34. Rd1 $1 $11 {and White is okay.} Rxd1+ 35. Qxd1) 34... Rd2 $19 35. Qe3 Qd4 36. Qxd4 cxd4 {KR-KR} 37. Rf2 $2 (37. a4 Kh7 38. Rc1) 37... Rd3 $2 (37... Rxf2 38. Kxf2 g4) 38. Kf1 {[#]} Kh7 $1 {[%cal Rh7g6]} 39. Rc2 {[#]} Kg6 $1 40. Rc7 (40. Ke2 $142 Re3+ 41. Kd1) 40... e5 {[%cal Be6e5,Be5e4][%mdl 32]} 41. Ke2 e4 42. Rxa7 Kxf6 43. Ra6+ Kf5 44. Ra5+ (44. Ra7 $142 Rc3 45. Rxf7+ Ke6 46. Rf2) 44... Kg4 {Black is clearly winning.} 45. b4 Rc3 46. Rd5 Rc2+ 47. Kd1 d3 {Precision: White = 36%, Black = 54%.} 0-1

[Event "7th Washington Open 2018"]
[Site "Rockville"]
[Date "2018.08.13"]
[Round "6.2"]
[White "Macieja, Bartlomiej"]
[Black "Checa, Nicolas D"]
[Result "0-1"]
[WhiteElo "2528"]
[BlackElo "2478"]
[Annotator "RC"]
[PlyCount "114"]
[EventDate "2018.08.11"]
[EventType "swiss"]
[EventCountry "USA"]
[SourceTitle "playchess.com"]
[Source "ChessBase"]
[SourceQuality "1"]
[TimeControl "40/5400+30:1200+30"]

1. c4 {[%emt 0:02:06]} c6 {[%emt 0:00:57]} 2. Nf3 {[%emt 0:00:26]} d5 {[%emt 0:00:14]} 3. e3 {[%emt 0:00:10]} Nf6 {[%emt 0:01:25]} 4. Nc3 {[%emt 0:00:02]} a6 {[%emt 0:01:20]} 5. h3 {[%emt 0:00:07]} g6 {[%emt 0:06:35]} 6. b3 {[%emt 0:14:09]} Bg7 {[%emt 0:01:15]} 7. Bb2 {[%emt 0:00:04]} O-O {[%emt 0:03:12]} 8. Rc1 {[%emt 0:01:08]} Ne4 {[%emt 0:07:10]} 9. Be2 {[%emt 0:20:44]} e5 {[%emt 0:09:57]} 10. d3 {[%emt 0:35:20]} Nxc3 {[%emt 0:01:14]} 11. Bxc3 {[%emt 0:00:01]} Re8 {[%emt 0:03:39]} 12. O-O {[%emt 0:00:57]} d4 {[%emt 0:02:22]} 13. exd4 {[%emt 0:00:06]} exd4 {[%emt 0:00:07]} 14. Bd2 {[%emt 0:00:02]} Nd7 {[%emt 0:06:33]} 15. Re1 {[%emt 0:07:44]} a5 {[%emt 0:06:08]} 16. Bg5 {[%emt 0:00:00]} Qc7 {[%emt 0:03:50]} 17. Qd2 {[%emt 0:09:33]} Nc5 {[%emt 0:02:50]} 18. Bh6 {[%emt 0:03:30]} Ne6 {[%emt 0:02:23]} 19. Bxg7 {[%emt 0:01:01]} Kxg7 {[%emt 0:00:05]} 20. c5 {[%emt 0:00:56]} Rd8 {[%emt 0:03:59]} 21. Ng5 {[%emt 0:00:47]} Nxg5 {[%emt 0:03:35]} 22. Qxg5 {[%emt 0:00:02]} Be6 {[%emt 0:00:52]} 23. Bg4 {[%emt 0:00:18]} Rd5 {[%emt 0:03:56]} 24. Qh4 {[%emt 0:00:09]} Bxg4 {[%emt 0:05:42]} 25. Qxg4 {[%emt 0:00:01]} Rad8 {[%emt 0:00:25]} 26. Rc4 {[%emt 0:00:05]} Re5 {[%emt 0:02:01]} 27. Kf1 {[%emt 0:03:27]} Rxe1+ {[%emt 0:07:14]} 28. Kxe1 {[%emt 0:00:01]} Qh2 {[%emt 0:00:10]} 29. Kd2 {[%emt 0:00:10]} h5 {[%emt 0:01:12]} 30. Qe4 {[%emt 0:01:18]} Qg1 {[%emt 0:02:42]} 31. Qf3 {[%emt 0:00:07]} Rd5 {[%emt 0:01:13]} 32. g4 {[%emt 0:00:37]} hxg4 {[%emt 0:00:52]} 33. hxg4 {[%emt 0:00:02]} Rg5 {[%emt 0:05:45]} 34. Rxd4 {[%emt 0:00:49]} Qa1 {[%emt 0:00:44]} 35. Rd7 {[%emt 0:00:59]} Qxa2+ {[%emt 0:00:58]} 36. Ke1 {[%emt 0:00:29]} Qxb3 {[%emt 0:00:20]} 37. Kf1 {[%emt 0:00:32]} Rxc5 {[%emt 0:01:00]} 38. Qf4 {[%emt 0:00:09]} Qe6 {[%emt 0:02:04]} 39. Qd4+ {[%emt 0:00:21]} Qe5 {[%emt 0:00:25]} 40. Qxe5+ {[%emt 0:00:08]} Rxe5 {[%emt 0:00:05]} 41. Rxb7 {[%emt 0:20:03]} Kf6 {[%emt 0:04:42]} 42. Rc7 {[%emt 0:00:00]} Rc5 {[%emt 0:01:27]} 43. Ke2 {[%emt 0:00:00]} Ke6 {[%emt 0:00:06]} 44. Kd2 {[%emt 0:00:00]} f5 {[%emt 0:10:08]} 45. d4 {[%emt 0:02:28]} Rd5 {[%emt 0:02:50]} 46. gxf5+ {[%emt 0:01:13]} Kxf5 {[%emt 0:00:23]} 47. Ke3 {[%emt 0:00:19]} Rb5 {[%emt 0:03:37]} 48. Rxc6 {[%emt 0:00:12]} a4 {[%emt 0:01:17]} 49. Kd3 {[%emt 0:01:01]} Ra5 {[%emt 0:00:50]} 50. Kc2 {[%emt 0:00:17]} g5 {[%emt 0:01:03]} 51. Kb2 {[%emt 0:00:13]} Ke4 {[%emt 0:00:34]} 52. Rc4 {[%emt 0:00:55]} a3+ {[%emt 0:01:18]} 53. Ka2 {[%emt 0:00:10]} Rd5 {[%emt 0:00:54]} 54. Rc8 {[%emt 0:01:00]} Rxd4 {[%emt 0:00:20]} 55. Kxa3 {[%emt 0:00:32]} Kf3 {[%emt 0:00:18]} 56. Rc2 {[%emt 0:00:20]} g4 {[%emt 0:00:11]} 57. Kb3 {[%emt 0:00:12]} Re4 {[%emt 0:00:06]} 0-1

[Event "7th Washington Open 2018"]
[Site "Rockville"]
[Date "2018.08.13"]
[Round "6.3"]
[White "Baryshpolets, Andrey"]
[Black "Stukopin, Andrey"]
[Result "0-1"]
[WhiteElo "2609"]
[BlackElo "2598"]
[Annotator "TA"]
[PlyCount "80"]
[EventDate "2018.08.11"]
[EventType "swiss"]
[EventCountry "USA"]
[SourceTitle "playchess.com"]
[Source "ChessBase"]
[SourceQuality "1"]

{[%evp 27,80,44,40,0,0,0,0,0,0,-3,-10,-28,-30,-106,-117,-122,-138,-225,-242,-426,-362,-448,-430,-436,-453,-433,-429,-428,-413,-1047,-42,-52,-54,-104,-110,-106,-118,-123,-122,-159,-160,-156,-155,-681,-646,-981,-968,-931,-975,-912,-864,-1134,-911,-898,-334]} 1. d4 Nf6 2. c4 e6 3. g3 Bb4+ 4. Bd2 Be7 5. Bg2 d5 6. Nf3 c6 7. Qc2 Nbd7 8. O-O O-O 9. Rd1 b6 10. b3 a5 {E11: Bogo-Indian} (10... Ba6 11. a4 Qc8 12. Na3 c5 13. cxd5 Nxd5 14. Nc4 Bb7 15. dxc5 Nxc5 16. Rac1 Nf6 17. b4 Nce4 18. Be1 Qe8 19. Ng5 Nxg5 20. Bxb7 {1-0 (35) Matlakov,M (2704)-Zhou,J (2624) Qinhuangdao 2018}) 11. Bc3 Ne4 12. Ne5 Nxe5 13. Bxe4 Ng6 14. Bg2 f5 {LiveBook: 3 Games} 15. a4 f4 16. Nd2 Bd6 $146 ({Predecessor:} 16... Ra7 17. Nf3 Bd6 18. Bb2 {1-0 (64) Szczepanski,Z (2417)-Bubir,A (2439) LSS email 2010}) 17. Re1 Qg5 18. Nf3 Qh5 19. Qd3 Ra7 20. e4 (20. Bb2 $11) 20... Raf7 $17 21. Rf1 e5 {...exd4 is the strong threat.} 22. dxe5 (22. c5 $17 bxc5 23. dxe5 Bxe5 24. Bxe5 Nxe5 25. Nxe5 Qxe5 26. exd5) 22... Bc5 $1 $19 {Threatens to win with ...fxg3.} 23. g4 $2 (23. Bd4 fxg3 24. fxg3) 23... Bxg4 {Hoping for ...dxc4.} 24. cxd5 Nh4 25. Nxh4 Qxh4 26. e6 f3 27. exf7+ Rxf7 28. Bh1 {[#]} (28. Bd4 $142 fxg2 29. Rfe1) 28... Bh5 $2 (28... Rf5 $1 $19 29. dxc6 Rh5) 29. Be5 $15 Rf6 $1 $40 {[%cal Rf6g6][%mdl 128] White needs to defend precisely.} 30. Bg3 Rg6 {( -> ...Rxg3+)} 31. Qxf3 (31. Bg2 {is a self mate.} Rxg3 32. hxg3 Qxg3 33. Qxf3 Bxf3 34. dxc6 Qxg2#) 31... Bxf3 32. Bxf3 cxd5 33. Bg2 Qg4 34. exd5 {[#]} h5 $1 {[%cal Bh7h5,Bh5h4][%mdl 32] White must now prevent ...h4.} 35. Rac1 $2 (35. d6 $17) 35... h4 $19 {Black is clearly winning.} 36. Rc4 Bd4 (36... hxg3 $2 37. Rxg4 gxf2+ 38. Kh1 $17) 37. Kh1 hxg3 38. fxg3 Rh6 39. Rf3 {[#]} Rxh2+ $1 {[%mdl 512]} 40. Kxh2 Qh5+ {Precision: White = 38%, Black = 98%.} 0-1

[Event "7th Washington Open 2018"]
[Site "Rockville"]
[Date "2018.08.13"]
[Round "6.4"]
[White "Dragun, Kamil"]
[Black "Friedel, Joshua E"]
[Result "1-0"]
[WhiteElo "2594"]
[BlackElo "2547"]
[Annotator "ChessBase"]
[PlyCount "89"]
[EventDate "2018.08.11"]
[EventType "swiss"]
[EventCountry "USA"]
[SourceTitle "playchess.com"]
[Source "ChessBase"]
[SourceQuality "1"]
[TimeControl "40/5400+30:1200+30"]

1. d4 {[%emt 0:03:52]} Nf6 {[%emt 0:00:00]} 2. c4 {[%emt 0:00:56]} e6 {[%emt 0:00:00]} 3. Nf3 {[%emt 0:01:33]} d5 {[%emt 0:00:28]} 4. Nc3 {[%emt 0:02:14]} Be7 {[%emt 0:00:50]} 5. Bf4 {[%emt 0:06:17]} O-O {[%emt 0:01:41]} 6. Rc1 {[%emt 0:00:23]} Nbd7 {[%emt 0:01:54]} 7. cxd5 {[%emt 0:04:01]} exd5 {[%emt 0:00:05]} 8. e3 {[%emt 0:00:08]} c6 {[%emt 0:00:09]} 9. h3 {[%emt 0:00:26]} Ne4 {[%emt 0:00:51]} 10. Bd3 {[%emt 0:03:53]} Ndf6 {[%emt 0:01:31]} 11. O-O {[%emt 0:00:23]} Bf5 {[%emt 0:02:46]} 12. Ne5 {[%emt 0:01:59]} Re8 {[%emt 0:21:33]} 13. Qc2 {[%emt 0:12:19]} Bf8 {[%emt 0:09:43]} 14. a3 {[%emt 0:06:24]} Bg6 {[%emt 0:06:00]} 15. Ne2 {[%emt 0:08:07]} Nd7 {[%emt 0:03:45]} 16. Nxg6 {[%emt 0:06:34]} hxg6 {[%emt 0:00:05]} 17. b4 {[%emt 0:07:00]} Ng5 {[%emt 0:10:45]} 18. Qb3 {[%emt 0:11:09]} a6 {[%emt 0:02:10]} 19. f3 {[%emt 0:05:36]} Ne6 {[%emt 0:02:24]} 20. Bg3 {[%emt 0:00:28]} Nf6 {[%emt 0:06:15]} 21. Bf2 {[%emt 0:01:23]} Bd6 {[%emt 0:02:20]} 22. e4 {[%emt 0:03:11]} dxe4 {[%emt 0:00:34]} 23. fxe4 {[%emt 0:00:01]} Bb8 {[%emt 0:07:57]} 24. e5 {[%emt 0:01:05]} Nd5 {[%emt 0:00:57]} 25. Be4 {[%emt 0:00:13]} Ba7 {[%emt 0:04:01]} 26. Rcd1 {[%emt 0:03:16]} Qd7 {[%emt 0:02:40]} 27. h4 {[%emt 0:00:09]} Rad8 {[%emt 0:02:12]} 28. Qf3 {[%emt 0:00:01]} Qe7 {[%emt 0:01:28]} 29. Bc2 {[%emt 0:01:05]} Rd7 {[%emt 0:03:20]} 30. Rd3 {[%emt 0:04:30]} Red8 {[%emt 0:01:23]} 31. Qg4 {[%emt 0:00:27]} Ndc7 {[%emt 0:01:13]} 32. Rfd1 {[%emt 0:00:41]} Nb5 {[%emt 0:01:57]} 33. Bb3 {[%emt 0:00:44]} Nbc7 {[%emt 0:02:18]} 34. h5 {[%emt 0:01:06]} gxh5 {[%emt 0:00:26]} 35. Qxh5 {[%emt 0:00:01]} g6 {[%emt 0:00:26]} 36. Qg4 {[%emt 0:00:26]} Qg5 {[%emt 0:00:52]} 37. Qxg5 {[%emt 0:00:34]} Nxg5 {[%emt 0:00:04]} 38. Bh4 {[%emt 0:00:23]} Nce6 {[%emt 0:00:56]} 39. Bxe6 {[%emt 0:00:11]} Nxe6 {[%emt 0:00:04]} 40. Bxd8 {[%emt 0:01:26]} Rxd8 {[%emt 0:00:05]} 41. g3 {[%emt 0:21:20]} g5 {[%emt 0:07:22]} 42. Kg2 {[%emt 0:00:00]} Rd5 {[%emt 0:01:43]} 43. Kf3 {[%emt 0:00:00]} f5 {[%emt 0:03:24]} 44. exf6 {[%emt 0:00:00]} Rf5+ {[%emt 0:01:47]} 45. Kg4 {[%emt 0:00:00]} 1-0

[Event "7th Washington Open 2018"]
[Site "Rockville"]
[Date "2018.08.13"]
[Round "6.5"]
[White "Brodsky, David"]
[Black "Huschenbeth, Niclas"]
[Result "1/2-1/2"]
[WhiteElo "2402"]
[BlackElo "2590"]
[Annotator "ChessBase"]
[PlyCount "131"]
[EventDate "2018.08.11"]
[EventType "swiss"]
[EventCountry "USA"]
[SourceTitle "playchess.com"]
[Source "ChessBase"]
[SourceQuality "1"]
[TimeControl "40/5400+30:1200+30"]

1. e4 {[%emt 0:00:00]} c5 {[%emt 0:00:00]} 2. Nc3 {[%emt 0:00:00]} d6 {[%emt 0:00:00]} 3. d4 {[%emt 0:00:00]} cxd4 {[%emt 0:00:05]} 4. Qxd4 {[%emt 0:00:00]} Nc6 {[%emt 0:00:31]} 5. Qd2 {[%emt 0:00:04]} g6 {[%emt 0:00:24]} 6. b3 {[%emt 0:00:16]} Bh6 {[%emt 0:00:06]} 7. f4 {[%emt 0:00:07]} Nf6 {[%emt 0:00:41]} 8. Bb2 {[%emt 0:00:24]} O-O {[%emt 0:00:38]} 9. O-O-O {[%emt 0:00:35]} a5 {[%emt 0:00:13]} 10. a4 {[%emt 0:01:18]} Be6 {[%emt 0:16:27]} 11. Nf3 {[%emt 0:20:24]} Rc8 {[%emt 0:01:07]} 12. Ng5 {[%emt 0:01:59]} Nb4 {[%emt 0:14:02]} 13. Nxe6 {[%emt 0:05:07]} fxe6 {[%emt 0:00:04]} 14. Kb1 {[%emt 0:03:45]} e5 {[%emt 0:10:49]} 15. g3 {[%emt 0:07:22]} Qd7 {[%emt 0:02:32]} 16. h4 {[%emt 0:06:38]} Qg4 {[%emt 0:05:15]} 17. Qe1 {[%emt 0:10:14]} Rc5 {[%emt 0:16:13]} 18. Bh3 {[%emt 0:04:40]} Qh5 {[%emt 0:01:01]} 19. fxe5 {[%emt 0:21:16]} Rxe5 {[%emt 0:02:08]} 20. Nd5 {[%emt 0:01:27]} Nbxd5 {[%emt 0:03:53]} 21. g4 {[%emt 0:04:01]} Nxg4 {[%emt 0:00:04]} 22. Bxe5 {[%emt 0:01:46]} Nde3 {[%emt 0:03:27]} 23. Bb2 {[%emt 0:00:49]} Nxd1 {[%emt 0:02:20]} 24. Qxd1 {[%emt 0:00:10]} Nf6 {[%emt 0:01:17]} 25. Be6+ {[%emt 0:02:25]} Kh8 {[%emt 0:00:05]} 26. Qxh5 {[%emt 0:02:38]} gxh5 {[%emt 0:00:04]} 27. Rf1 {[%emt 0:01:13]} Bg7 {[%emt 0:00:14]} 28. Rf5 {[%emt 0:00:39]} Ra8 {[%emt 0:00:59]} 29. e5 {[%emt 0:00:52]} dxe5 {[%emt 0:06:57]} 30. Rxe5 {[%emt 0:00:22]} Ne8 {[%emt 0:02:04]} 31. Rg5 {[%emt 0:01:31]} h6 {[%emt 0:00:09]} 32. Rxh5 {[%emt 0:00:24]} Bxb2 {[%emt 0:00:18]} 33. Kxb2 {[%emt 0:00:06]} Kg7 {[%emt 0:01:19]} 34. Bd5 {[%emt 0:01:59]} Ra7 {[%emt 0:02:17]} 35. Re5 {[%emt 0:01:02]} b6 {[%emt 0:00:03]} 36. Re6 {[%emt 0:00:55]} Nd6 {[%emt 0:00:43]} 37. h5 {[%emt 0:00:27]} Rc7 {[%emt 0:06:28]} 38. Rg6+ {[%emt 0:00:11]} Kh7 {[%emt 0:00:07]} 39. Bg8+ {[%emt 0:00:45]} Kh8 {[%emt 0:00:01]} 40. Be6 {[%emt 0:00:06]} Kh7 {[%emt 0:04:22]} 41. Bg8+ {[%emt 0:21:49]} Kh8 {[%emt 0:02:03]} 42. Be6 {[%emt 0:00:00]} Kh7 {[%emt 0:05:00]} 43. Bg4 {[%emt 0:00:00]} Rc5 {[%emt 0:02:26]} 44. Re6 {[%emt 0:00:00]} Nc8 {[%emt 0:02:58]} 45. Be2 {[%emt 0:00:00]} Kg7 {[%emt 0:01:18]} 46. Rg6+ {[%emt 0:00:00]} Kf8 {[%emt 0:03:10]} 47. Rxh6 {[%emt 0:00:00]} Nd6 {[%emt 0:00:02]} 48. Rh8+ {[%emt 0:00:00]} Kg7 {[%emt 0:00:18]} 49. Rb8 {[%emt 0:00:00]} Re5 {[%emt 0:00:29]} 50. Bd3 {[%emt 0:00:00]} Re6 {[%emt 0:00:43]} 51. Bg6 {[%emt 0:00:00]} Nf7 {[%emt 0:01:16]} 52. Bxf7 {[%emt 0:00:31]} Kxf7 {[%emt 0:00:02]} 53. Kc3 {[%emt 0:01:04]} Kf6 {[%emt 0:01:51]} 54. b4 {[%emt 0:02:59]} Rc6+ {[%emt 0:01:24]} 55. Kb3 {[%emt 0:00:19]} axb4 {[%emt 0:01:01]} 56. Kxb4 {[%emt 0:00:34]} e5 {[%emt 0:01:47]} 57. Rf8+ {[%emt 0:01:41]} Kg5 {[%emt 0:00:28]} 58. c4 {[%emt 0:01:00]} e4 {[%emt 0:01:09]} 59. Kc3 {[%emt 0:00:21]} Re6 {[%emt 0:00:59]} 60. Kd2 {[%emt 0:00:26]} Rc6 {[%emt 0:01:06]} 61. Ke3 {[%emt 0:01:02]} Rxc4 {[%emt 0:00:12]} 62. Rb8 {[%emt 0:00:05]} Rxa4 {[%emt 0:00:23]} 63. Rxb6 {[%emt 0:00:05]} Kxh5 {[%emt 0:00:04]} 64. Re6 {[%emt 0:00:04]} Kg5 {[%emt 0:00:05]} 65. Rxe4 {[%emt 0:00:03]} Rxe4+ {[%emt 0:00:03]} 66. Kxe4 {[%emt 0:00:04]} 1/2-1/2